Física Programada: Volumen IV. Teoría cinética y termodinámica

Bibliographic Details
Main Author: Chamoun, Yamal
Format: Section = Libro
Language:Undetermined
Spanish
Published: México McGraw-Hill 2002
Subjects:
LEADER 00646nam a2200241Ia 4500
008 240830s9999 xx 000 0 und d
020 |a 970-10-4833-4 
040 |a B-ESTELÍ- RUACS / 530 J83 
041 |a spa 
082 |a 530 J83 
100 1 |a Chamoun, Yamal 
245 1 0 |a Física Programada: Volumen IV. Teoría cinética y termodinámica 
260 |a México  |b McGraw-Hill  |c 2002 
300 |a 268 p:il 
650 7 |a PROYECTOS 
650 7 |b  COMO INICAR 
650 7 |c  PLAN DE PROYECTOS 
650 7 |d  EJECUTAR EL PROYECTO 
650 7 |e  CERRAR EL PROYECTO 
650 7 |f  CONCLUSIONES 
942 |c BK  |2 ddc 
991 |a TEXTO 
999 |c 11001